[Event "European Chess Club Cup 2023"]
[Site "Durres, Albania"]
[Date "2023.10.06"]
[Round "6.56"]
[White "Swinkels, Robin"]
[Black "Lombaers, Peter"]
[Result "1-0"]
[TimeControl "90' + 30' & 30\""]
[WhiteElo "2515"]
[BlackElo "2359"]

1. d4 {[%clk 01:30:57]} {[%emt 00:00:02]} d5 {[%clk 01:30:56]} {[%emt
00:00:04]} 2. c4 {[%clk 01:31:22]} {[%emt 00:00:06]} c6 {[%clk 01:31:23]}
{[%emt 00:00:02]} 3. Nf3 {[%clk 01:31:49]} {[%emt 00:00:04]} Nf6 {[%clk
01:31:49]} {[%emt 00:00:04]} 4. g3 {[%clk 01:32:12]} {[%emt 00:00:08]} Bf5
{[%clk 01:31:57]} {[%emt 00:00:21]} 5. Nc3 {[%clk 01:32:24]} {[%emt 00:00:18]}
e6 {[%clk 01:31:55]} {[%emt 00:00:32]} 6. Qb3 {[%clk 01:32:28]} {[%emt
00:00:26]} Qb6 {[%clk 01:31:21]} {[%emt 00:01:03]} 7. c5 {[%clk 01:32:54]}
{[%emt 00:00:04]} Qxb3 {[%clk 01:31:44]} {[%emt 00:00:07]} 8. axb3 {[%clk
01:33:21]} {[%emt 00:00:03]} Be7 {[%clk 01:28:56]} {[%emt 00:03:19]} 9. Bf4
{[%clk 01:33:23]} {[%emt 00:00:28]} O-O {[%clk 01:27:32]} {[%emt 00:01:54]} 10.
h3 {[%clk 01:32:11]} {[%emt 00:01:43]} h6 {[%clk 01:25:32]} {[%emt 00:02:29]}
11. g4 {[%clk 01:32:26]} {[%emt 00:00:15]} Bh7 {[%clk 01:24:59]} {[%emt
00:01:03]} 12. e3 {[%clk 01:25:48]} {[%emt 00:07:08]} Ne4 {[%clk 01:18:04]}
{[%emt 00:07:25]} 13. Rg1 {[%clk 00:54:50]} {[%emt 00:31:28]} g5 {[%clk
01:14:05]} {[%emt 00:04:28]} 14. Bh2 {[%clk 00:52:29]} {[%emt 00:02:52]} Nd7
{[%clk 01:10:37]} {[%emt 00:03:59]} 15. b4 {[%clk 00:50:43]} {[%emt 00:02:15]}
a6 {[%clk 01:05:04]} {[%emt 00:06:03]} 16. h4 {[%clk 00:31:18]} {[%emt
00:19:56]} a5 {[%clk 00:56:54]} {[%emt 00:08:39]} 17. bxa5 {[%clk 00:28:16]}
{[%emt 00:03:32]} Bd8 {[%clk 00:56:05]} {[%emt 00:01:19]} 18. a6 {[%clk
00:28:18]} {[%emt 00:00:27]} Nxc3 {[%clk 00:53:01]} {[%emt 00:03:35]} 19. bxc3
{[%clk 00:28:44]} {[%emt 00:00:04]} bxa6 {[%clk 00:53:22]} {[%emt 00:00:09]} 20.
hxg5 {[%clk 00:29:03]} {[%emt 00:00:12]} hxg5 {[%clk 00:51:56]} {[%emt
00:01:56]} 21. Rxa6 {[%clk 00:28:02]} {[%emt 00:01:30]} Ba5 {[%clk 00:48:18]}
{[%emt 00:04:08]} 22. Kd2 {[%clk 00:27:40]} {[%emt 00:00:52]} Nf6 {[%clk
00:39:57]} {[%emt 00:08:51]} 23. Nxg5 {[%clk 00:27:15]} {[%emt 00:00:56]} Ne4+
{[%clk 00:33:50]} {[%emt 00:06:36]} 24. Nxe4 {[%clk 00:27:39]} {[%emt
00:00:06]} Bxe4 {[%clk 00:34:16]} {[%emt 00:00:04]} 25. Bd6 {[%clk 00:17:30]}
{[%emt 00:10:39]} Rxa6 {[%clk 00:21:19]} {[%emt 00:13:26]} 26. Bxa6 {[%clk
00:17:33]} {[%emt 00:00:27]} Ra8 {[%clk 00:21:41]} {[%emt 00:00:08]} 27. Bb7
{[%clk 00:08:09]} {[%emt 00:09:55]} Ra7 {[%clk 00:21:59]} {[%emt 00:00:12]} 28.
Bxc6 {[%clk 00:08:36]} {[%emt 00:00:03]} Bd8 {[%clk 00:21:56]} {[%emt
00:00:33]} 29. Rc1 {[%clk 00:07:19]} {[%emt 00:01:47]} Ra2+ {[%clk 00:19:09]}
{[%emt 00:03:17]} 30. Ke1 {[%clk 00:07:47]} {[%emt 00:00:03]} Bh4 {[%clk
00:14:37]} {[%emt 00:05:01]} 31. Bg3 {[%clk 00:08:14]} {[%emt 00:00:02]} Bxg3
{[%clk 00:15:03]} {[%emt 00:00:05]} 32. fxg3 {[%clk 00:08:43]} {[%emt
00:00:02]} Kf8 {[%clk 00:15:06]} {[%emt 00:00:26]} 33. Bb5 {[%clk 00:05:22]}
{[%emt 00:03:51]} Ke7 {[%clk 00:15:09]} {[%emt 00:00:27]} 34. Be2 {[%clk
00:05:46]} {[%emt 00:00:05]} f6 {[%clk 00:14:43]} {[%emt 00:00:57]} 35. c4
{[%clk 00:05:44]} {[%emt 00:00:32]} Kd7 {[%clk 00:14:48]} {[%emt 00:00:25]} 36.
cxd5 {[%clk 00:06:00]} {[%emt 00:00:15]} exd5 {[%clk 00:15:10]} {[%emt
00:00:07]} 37. Rc3 {[%clk 00:01:57]} {[%emt 00:04:33]} Bc2 {[%clk 00:14:26]}
{[%emt 00:01:14]} 38. Bd3 {[%clk 00:01:43]} {[%emt 00:00:44]} Ra1+ {[%clk
00:13:40]} {[%emt 00:01:16]} 39. Kd2 {[%clk 00:01:21]} {[%emt 00:00:52]} Bxd3
{[%clk 00:12:04]} {[%emt 00:02:07]} 40. Kxd3 {[%clk 00:01:46]} {[%emt
00:00:05]} Rg1 {[%clk 00:11:26]} {[%emt 00:01:07]} 41. Rb3 {[%clk 00:29:44]}
{[%emt 00:02:32]} 1-0

[Event "European Chess Club Cup 2023"]
[Site "Durres, Albania"]
[Date "2023.10.06"]
[Round "6.57"]
[White "Kerigan, Demre"]
[Black "Pijpers, Arthur"]
[Result "1/2-1/2"]
[TimeControl "90' + 30' & 30\""]
[WhiteElo "2360"]
[BlackElo "2433"]

1. Nf3 {[%clk 01:30:53]} {[%emt 00:00:05]} d5 {[%clk 01:30:13]} {[%emt
00:00:47]} 2. g3 {[%clk 01:31:11]} {[%emt 00:00:11]} Nc6 {[%clk 01:30:39]}
{[%emt 00:00:06]} 3. Bg2 {[%clk 01:31:19]} {[%emt 00:00:21]} e5 {[%clk
01:31:05]} {[%emt 00:00:05]} 4. d3 {[%clk 01:31:39]} {[%emt 00:00:10]} Be6
{[%clk 01:31:04]} {[%emt 00:00:32]} 5. O-O {[%clk 01:30:55]} {[%emt 00:01:13]}
f6 {[%clk 01:28:21]} {[%emt 00:03:13]} 6. c3 {[%clk 01:29:34]} {[%emt
00:01:50]} Qd7 {[%clk 01:28:32]} {[%emt 00:00:20]} 7. b4 {[%clk 01:28:39]}
{[%emt 00:01:25]} h5 {[%clk 01:28:42]} {[%emt 00:00:20]} 8. h4 {[%clk
01:26:39]} {[%emt 00:02:28]} g5 {[%clk 01:18:31]} {[%emt 00:10:43]} 9. e4
{[%clk 01:14:21]} {[%emt 00:12:47]} dxe4 {[%clk 01:01:18]} {[%emt 00:17:44]} 10.
dxe4 {[%clk 01:14:30]} {[%emt 00:00:20]} Qxd1 {[%clk 01:01:44]} {[%emt
00:00:05]} 11. Rxd1 {[%clk 01:14:54]} {[%emt 00:00:07]} g4 {[%clk 01:02:12]}
{[%emt 00:00:02]} 12. Ne1 {[%clk 01:10:12]} {[%emt 00:05:11]} a5 {[%clk
00:57:07]} {[%emt 00:05:35]} 13. b5 {[%clk 01:10:28]} {[%emt 00:00:14]} Na7
{[%clk 00:52:15]} {[%emt 00:05:22]} 14. Bf1 {[%clk 01:10:47]} {[%emt 00:00:10]}
Nc8 {[%clk 00:45:31]} {[%emt 00:07:16]} 15. Nc2 {[%clk 01:00:44]} {[%emt
00:10:32]} Nd6 {[%clk 00:43:02]} {[%emt 00:03:00]} 16. Nd2 {[%clk 00:59:05]}
{[%emt 00:02:07]} O-O-O {[%clk 00:36:24]} {[%emt 00:07:10]} 17. Ba3 {[%clk
00:56:17]} {[%emt 00:03:17]} Rh7 {[%clk 00:34:00]} {[%emt 00:02:54]} 18. Bxd6
{[%clk 00:45:50]} {[%emt 00:10:58]} Bxd6 {[%clk 00:33:42]} {[%emt 00:00:48]} 19.
Bc4 {[%clk 00:44:12]} {[%emt 00:02:08]} Bxc4 {[%clk 00:23:28]} {[%emt
00:10:44]} 20. Nxc4 {[%clk 00:44:35]} {[%emt 00:00:07]} b6 {[%clk 00:23:52]}
{[%emt 00:00:06]} 21. Nxd6+ {[%clk 00:26:33]} {[%emt 00:18:32]} Rxd6 {[%clk
00:24:20]} {[%emt 00:00:02]} 22. Rxd6 {[%clk 00:26:31]} {[%emt 00:00:31]} cxd6
{[%clk 00:24:49]} {[%emt 00:00:02]} 23. Ne3 {[%clk 00:26:44]} {[%emt 00:00:16]}
Ne7 {[%clk 00:16:31]} {[%emt 00:08:48]} 24. Nc4 {[%clk 00:19:12]} {[%emt
00:08:02]} Kc7 {[%clk 00:16:24]} {[%emt 00:00:38]} 25. Rd1 {[%clk 00:19:35]}
{[%emt 00:00:07]} Nc8 {[%clk 00:16:47]} {[%emt 00:00:06]} 26. Ne3 {[%clk
00:19:35]} {[%emt 00:00:31]} Kd7 {[%clk 00:16:08]} {[%emt 00:01:10]} 27. f3
{[%clk 00:16:42]} {[%emt 00:03:22]} gxf3 {[%clk 00:15:18]} {[%emt 00:01:19]} 28.
Kf2 {[%clk 00:17:03]} {[%emt 00:00:09]} Ke6 {[%clk 00:15:39]} {[%emt 00:00:10]}
29. Kxf3 {[%clk 00:16:50]} {[%emt 00:00:43]} Ne7 {[%clk 00:12:39]} {[%emt
00:03:29]} 30. Nc4 {[%clk 00:13:20]} {[%emt 00:04:01]} Nc8 {[%clk 00:13:04]}
{[%emt 00:00:05]} 31. Ne3 {[%clk 00:13:46]} {[%emt 00:00:04]} Ne7 {[%clk
00:13:31]} {[%emt 00:00:03]} 32. Nc4 {[%clk 00:12:26]} {[%emt 00:01:49]} Nc8
{[%clk 00:13:54]} {[%emt 00:00:07]} 33. Ne3 {[%clk 00:11:06]} {[%emt 00:01:49]}
1/2-1/2

[Event "European Chess Club Cup 2023"]
[Site "Durres, Albania"]
[Date "2023.10.06"]
[Round "6.58"]
[White "De Jong, Jan-Willem"]
[Black "Ondersteijn, Niels"]
[Result "1/2-1/2"]
[TimeControl "90' + 30' & 30\""]
[WhiteElo "2412"]
[BlackElo "2370"]

1. c4 {[%clk 01:30:55]} {[%emt 00:00:04]} Nf6 {[%clk 01:30:39]} {[%emt
00:00:21]} 2. Nc3 {[%clk 01:31:09]} {[%emt 00:00:16]} g6 {[%clk 01:30:17]}
{[%emt 00:00:53]} 3. Nf3 {[%clk 01:30:29]} {[%emt 00:01:09]} Bg7 {[%clk
01:30:07]} {[%emt 00:00:40]} 4. g3 {[%clk 01:30:26]} {[%emt 00:00:34]} O-O
{[%clk 01:30:10]} {[%emt 00:00:26]} 5. Bg2 {[%clk 01:29:52]} {[%emt 00:01:04]}
d6 {[%clk 01:30:26]} {[%emt 00:00:15]} 6. d4 {[%clk 01:30:04]} {[%emt
00:00:17]} Nc6 {[%clk 01:29:47]} {[%emt 00:01:09]} 7. O-O {[%clk 01:30:11]}
{[%emt 00:00:23]} e5 {[%clk 01:30:00]} {[%emt 00:00:17]} 8. dxe5 {[%clk
01:29:32]} {[%emt 00:01:10]} Nxe5 {[%clk 01:30:10]} {[%emt 00:00:19]} 9. Nxe5
{[%clk 01:29:22]} {[%emt 00:00:41]} dxe5 {[%clk 01:30:34]} {[%emt 00:00:05]} 10.
Qxd8 {[%clk 01:29:48]} {[%emt 00:00:04]} Rxd8 {[%clk 01:30:56]} {[%emt
00:00:08]} 11. Bg5 {[%clk 01:30:13]} {[%emt 00:00:05]} Rd7 {[%clk 01:31:15]}
{[%emt 00:00:11]} 12. h3 {[%clk 01:23:56]} {[%emt 00:06:47]} c6 {[%clk
01:24:57]} {[%emt 00:06:48]} 13. b3 {[%clk 01:08:21]} {[%emt 00:16:05]} h6
{[%clk 00:58:28]} {[%emt 00:27:00]} 14. Be3 {[%clk 01:06:25]} {[%emt 00:02:25]}
Bf8 {[%clk 00:53:50]} {[%emt 00:05:08]} 15. Na4 {[%clk 00:46:53]} {[%emt
00:20:02]} Kg7 {[%clk 00:48:31]} {[%emt 00:05:50]} 16. Rad1 {[%clk 00:45:05]}
{[%emt 00:02:17]} Rxd1 {[%clk 00:39:59]} {[%emt 00:09:01]} 17. Rxd1 {[%clk
00:45:30]} {[%emt 00:00:06]} Nd7 {[%clk 00:40:17]} {[%emt 00:00:12]} 18. f4
{[%clk 00:34:28]} {[%emt 00:11:32]} exf4 {[%clk 00:30:40]} {[%emt 00:10:07]} 19.
Bd4+ {[%clk 00:30:42]} {[%emt 00:04:16]} Kg8 {[%clk 00:24:30]} {[%emt
00:06:40]} 20. gxf4 {[%clk 00:30:53]} {[%emt 00:00:19]} Be7 {[%clk 00:24:40]}
{[%emt 00:00:20]} 21. e3 {[%clk 00:19:25]} {[%emt 00:11:58]} Kf8 {[%clk
00:20:56]} {[%emt 00:04:14]} 22. Kf2 {[%clk 00:19:18]} {[%emt 00:00:37]} Ke8
{[%clk 00:15:22]} {[%emt 00:06:04]} 23. e4 {[%clk 00:11:33]} {[%emt 00:08:15]}
Nf8 {[%clk 00:14:23]} {[%emt 00:01:29]} 24. Bc5 {[%clk 00:10:47]} {[%emt
00:01:16]} Ne6 {[%clk 00:12:11]} {[%emt 00:02:42]} 25. Bxe7 {[%clk 00:10:35]}
{[%emt 00:00:42]} Kxe7 {[%clk 00:12:37]} {[%emt 00:00:04]} 26. Ke3 {[%clk
00:10:45]} {[%emt 00:00:20]} g5 {[%clk 00:11:49]} {[%emt 00:01:17]} 27. f5
{[%clk 00:08:21]} {[%emt 00:02:55]} Nf4 {[%clk 00:11:41]} {[%emt 00:00:38]} 28.
Bf3 {[%clk 00:08:28]} {[%emt 00:00:23]} Rb8 {[%clk 00:02:15]} {[%emt 00:09:56]}
29. h4 {[%clk 00:07:54]} {[%emt 00:01:04]} b5 {[%clk 00:01:47]} {[%emt
00:00:58]} 30. cxb5 {[%clk 00:07:19]} {[%emt 00:01:04]} Rxb5 {[%clk 00:02:10]}
{[%emt 00:00:07]} 31. hxg5 {[%clk 00:03:53]} {[%emt 00:03:56]} hxg5 {[%clk
00:02:36]} {[%emt 00:00:04]} 32. Bg4 {[%clk 00:03:47]} {[%emt 00:00:37]} f6
{[%clk 00:02:16]} {[%emt 00:00:50]} 33. Rc1 {[%clk 00:03:06]} {[%emt 00:01:11]}
Re5 {[%clk 00:02:36]} {[%emt 00:00:10]} 34. Rh1 {[%clk 00:02:25]} {[%emt
00:01:11]} Ng2+ {[%clk 00:01:16]} {[%emt 00:01:50]} 35. Kd4 {[%clk 00:02:40]}
{[%emt 00:00:15]} Nh4 {[%clk 00:01:14]} {[%emt 00:00:32]} 36. Nc5 {[%clk
00:02:18]} {[%emt 00:00:52]} Kd6 {[%clk 00:01:07]} {[%emt 00:00:37]} 37. b4
{[%clk 00:02:26]} {[%emt 00:00:22]} a5 {[%clk 00:00:50]} {[%emt 00:00:46]} 38.
a3 {[%clk 00:02:40]} {[%emt 00:00:16]} Re7 {[%clk 00:00:50]} {[%emt 00:00:30]}
39. Rb1 {[%clk 00:01:26]} {[%emt 00:01:44]} axb4 {[%clk 00:00:43]} {[%emt
00:00:38]} 40. Rxb4 {[%clk 00:00:56]} {[%emt 00:00:59]} Re5 {[%clk 00:00:35]}
{[%emt 00:00:38]} 41. Rc4 {[%clk 00:29:13]} {[%emt 00:02:14]} Nxf5+ {[%clk
00:20:41]} {[%emt 00:10:24]} 42. Bxf5 {[%clk 00:24:37]} {[%emt 00:05:05]} Bxf5
{[%clk 00:21:05]} {[%emt 00:00:07]} 43. Nb7+ {[%clk 00:16:58]} {[%emt
00:08:09]} Kc7 {[%clk 00:21:29]} {[%emt 00:00:06]} 44. Nc5 {[%clk 00:17:25]}
{[%emt 00:00:03]} Bc8 {[%clk 00:11:20]} {[%emt 00:10:38]} 45. Rc1 {[%clk
00:13:34]} {[%emt 00:04:20]} Kd6 {[%clk 00:07:35]} {[%emt 00:04:16]} 46. Nd3
{[%clk 00:13:06]} {[%emt 00:00:58]} Ra5 {[%clk 00:07:53]} {[%emt 00:00:12]} 47.
Rc3 {[%clk 00:07:15]} {[%emt 00:06:21]} Ra4+ {[%clk 00:08:12]} {[%emt
00:00:11]} 48. Ke3 {[%clk 00:07:41]} {[%emt 00:00:05]} Ra5 {[%clk 00:06:20]}
{[%emt 00:02:22]} 49. Kd4 {[%clk 00:05:33]} {[%emt 00:02:37]} Ra4+ {[%clk
00:06:36]} {[%emt 00:00:14]} 50. Ke3 {[%clk 00:06:00]} {[%emt 00:00:04]} f5
{[%clk 00:07:04]} {[%emt 00:00:02]} 51. exf5 {[%clk 00:05:23]} {[%emt
00:01:07]} Bxf5 {[%clk 00:07:04]} {[%emt 00:00:29]} 52. Nc5 {[%clk 00:03:58]}
{[%emt 00:01:55]} Rh4 {[%clk 00:07:22]} {[%emt 00:00:12]} 53. Kf2 {[%clk
00:03:33]} {[%emt 00:00:55]} Rh2+ {[%clk 00:06:44]} {[%emt 00:01:08]} 54. Kg1
{[%clk 00:03:59]} {[%emt 00:00:04]} Rc2 {[%clk 00:06:24]} {[%emt 00:00:51]} 55.
Nb7+ {[%clk 00:03:44]} {[%emt 00:00:45]} Kc7 {[%clk 00:05:41]} {[%emt
00:01:12]} 56. Rf3 {[%clk 00:03:56]} {[%emt 00:00:19]} Be6 {[%clk 00:04:56]}
{[%emt 00:01:14]} 57. Re3 {[%clk 00:03:35]} {[%emt 00:00:51]} Kxb7 {[%clk
00:04:22]} {[%emt 00:01:04]} 58. Rxe6 {[%clk 00:04:01]} {[%emt 00:00:04]} Kb6
{[%clk 00:04:10]} {[%emt 00:00:42]} 59. Kf1 {[%clk 00:04:12]} {[%emt 00:00:19]}
Kb5 {[%clk 00:03:00]} {[%emt 00:01:39]} 60. Re5+ {[%clk 00:03:38]} {[%emt
00:01:05]} Rc5 {[%clk 00:03:22]} {[%emt 00:00:08]} 61. Re4 {[%clk 00:04:05]}
{[%emt 00:00:03]} Rd5 {[%clk 00:02:41]} {[%emt 00:01:11]} 62. Ke2 {[%clk
00:04:11]} {[%emt 00:00:24]} c5 {[%clk 00:03:00]} {[%emt 00:00:11]} 63. a4+
{[%clk 00:03:46]} {[%emt 00:00:56]} Kb6 {[%clk 00:02:54]} {[%emt 00:00:35]} 64.
Ke3 {[%clk 00:03:55]} {[%emt 00:00:22]} Rd1 {[%clk 00:01:59]} {[%emt 00:01:25]}
65. Rg4 {[%clk 00:03:52]} {[%emt 00:00:32]} Rd5 {[%clk 00:01:46]} {[%emt
00:00:43]} 66. Re4 {[%clk 00:03:33]} {[%emt 00:00:49]} Rd6 {[%clk 00:01:46]}
{[%emt 00:00:30]} 67. Re5 {[%clk 00:03:22]} {[%emt 00:00:42]} g4 {[%clk
00:01:39]} {[%emt 00:00:37]} 68. Rg5 {[%clk 00:02:48]} {[%emt 00:01:03]} Rd4
{[%clk 00:01:56]} {[%emt 00:00:13]} 69. a5+ {[%clk 00:02:39]} {[%emt 00:00:40]}
Kb5 {[%clk 00:02:18]} {[%emt 00:00:07]} 70. a6 {[%clk 00:03:03]} {[%emt
00:00:06]} Ra4 {[%clk 00:01:36]} {[%emt 00:01:12]} 71. Kd3 {[%clk 00:01:37]}
{[%emt 00:01:56]} g3 {[%clk 00:01:46]} {[%emt 00:00:20]} 72. Kc2 {[%clk
00:01:40]} {[%emt 00:00:27]} g2 {[%clk 00:01:12]} {[%emt 00:01:04]} 73. Kb2
{[%clk 00:01:22]} {[%emt 00:00:48]} Rb4+ {[%clk 00:01:30]} {[%emt 00:00:12]} 74.
Kc2 {[%clk 00:01:15]} {[%emt 00:00:37]} Kxa6 {[%clk 00:01:12]} {[%emt
00:00:48]} 75. Rxg2 {[%clk 00:01:39]} {[%emt 00:00:06]} Kb5 {[%clk 00:01:34]}
{[%emt 00:00:08]} 76. Rg3 {[%clk 00:01:02]} {[%emt 00:01:08]} Rc4+ {[%clk
00:01:55]} {[%emt 00:00:09]} 77. Kb3 {[%clk 00:01:16]} {[%emt 00:00:16]} Ra4
{[%clk 00:02:14]} {[%emt 00:00:11]} 78. Rh3 {[%clk 00:00:55]} {[%emt 00:00:51]}
Rb4+ {[%clk 00:02:35]} {[%emt 00:00:08]} 79. Kc3 {[%clk 00:01:18]} {[%emt
00:00:07]} Ka4 {[%clk 00:03:01]} {[%emt 00:00:04]} 80. Rh8 {[%clk 00:01:30]}
{[%emt 00:00:19]} Rg4 {[%clk 00:02:40]} {[%emt 00:00:50]} 81. Rb8 {[%clk
00:01:54]} {[%emt 00:00:05]} Rb4 {[%clk 00:02:47]} {[%emt 00:00:24]} 82. Ra8+
{[%clk 00:01:59]} {[%emt 00:00:25]} Kb5 {[%clk 00:03:13]} {[%emt 00:00:04]} 83.
Rb8+ {[%clk 00:02:25]} {[%emt 00:00:05]} Kc6 {[%clk 00:03:40]} {[%emt
00:00:02]} 84. Rxb4 {[%clk 00:02:49]} {[%emt 00:00:05]} cxb4+ {[%clk 00:04:08]}
{[%emt 00:00:03]} 85. Kxb4 {[%clk 00:03:12]} {[%emt 00:00:07]} 1/2-1/2

[Event "European Chess Club Cup 2023"]
[Site "Durres, Albania"]
[Date "2023.10.06"]
[Round "6.59"]
[White "Rademakers, Evert"]
[Black "Van Der Werf, Mark"]
[Result "0-1"]
[TimeControl "90' + 30' & 30\""]
[WhiteElo "2256"]
[BlackElo "2399"]

1. b3 {[%clk 01:30:56]} {[%emt 00:00:03]} d5 {[%clk 01:30:25]} {[%emt
00:00:35]} 2. Bb2 {[%clk 01:31:23]} {[%emt 00:00:02]} e6 {[%clk 01:30:47]}
{[%emt 00:00:09]} 3. Nf3 {[%clk 01:30:29]} {[%emt 00:01:24]} Nf6 {[%clk
01:31:13]} {[%emt 00:00:04]} 4. g3 {[%clk 01:30:20]} {[%emt 00:00:39]} c5
{[%clk 01:31:16]} {[%emt 00:00:26]} 5. Bg2 {[%clk 01:30:40]} {[%emt 00:00:11]}
Be7 {[%clk 01:30:00]} {[%emt 00:01:46]} 6. O-O {[%clk 01:30:27]} {[%emt
00:00:43]} O-O {[%clk 01:30:24]} {[%emt 00:00:06]} 7. c4 {[%clk 01:27:30]}
{[%emt 00:03:26]} d4 {[%clk 01:30:50]} {[%emt 00:00:05]} 8. b4 {[%clk
01:27:48]} {[%emt 00:00:12]} a5 {[%clk 01:24:50]} {[%emt 00:06:30]} 9. bxc5
{[%clk 01:26:07]} {[%emt 00:02:11]} Nc6 {[%clk 01:24:20]} {[%emt 00:01:00]} 10.
d3 {[%clk 01:23:51]} {[%emt 00:02:47]} Bxc5 {[%clk 01:22:58]} {[%emt 00:01:52]}
11. Nfd2 {[%clk 01:04:02]} {[%emt 00:20:18]} e5 {[%clk 01:19:45]} {[%emt
00:03:42]} 12. Nb3 {[%clk 01:03:30]} {[%emt 00:01:03]} Be7 {[%clk 01:19:25]}
{[%emt 00:00:50]} 13. Ba3 {[%clk 01:03:32]} {[%emt 00:00:28]} Nb4 {[%clk
01:19:06]} {[%emt 00:00:48]} 14. N1d2 {[%clk 00:43:51]} {[%emt 00:20:11]} Qc7
{[%clk 01:16:04]} {[%emt 00:03:33]} 15. Ne4 {[%clk 00:34:48]} {[%emt 00:09:34]}
Nxe4 {[%clk 01:10:50]} {[%emt 00:05:44]} 16. Bxe4 {[%clk 00:35:15]} {[%emt
00:00:01]} Bh3 {[%clk 01:10:59]} {[%emt 00:00:22]} 17. Re1 {[%clk 00:35:18]}
{[%emt 00:00:28]} f5 {[%clk 01:06:39]} {[%emt 00:04:49]} 18. Bh1 {[%clk
00:29:20]} {[%emt 00:06:26]} Rad8 {[%clk 01:00:43]} {[%emt 00:06:28]} 19. Nd2
{[%clk 00:23:59]} {[%emt 00:05:50]} h6 {[%clk 00:54:09]} {[%emt 00:07:05]} 20.
c5 {[%clk 00:04:44]} {[%emt 00:19:45]} Bxc5 {[%clk 00:53:05]} {[%emt 00:01:34]}
21. Qa4 {[%clk 00:01:36]} {[%emt 00:03:38]} b6 {[%clk 00:51:05]} {[%emt
00:02:30]} 22. Rec1 {[%clk 00:01:53]} {[%emt 00:00:13]} Kh8 {[%clk 00:45:08]}
{[%emt 00:06:27]} 23. Nb3 {[%clk 00:02:02]} {[%emt 00:00:21]} f4 {[%clk
00:40:18]} {[%emt 00:05:20]} 24. Bxb4 {[%clk 00:02:22]} {[%emt 00:00:11]} axb4
{[%clk 00:39:51]} {[%emt 00:00:57]} 25. Qxb4 {[%clk 00:02:41]} {[%emt
00:00:10]} fxg3 {[%clk 00:38:19]} {[%emt 00:02:02]} 26. hxg3 {[%clk 00:03:08]}
{[%emt 00:00:03]} Qf7 {[%clk 00:38:43]} {[%emt 00:00:06]} 27. Qe1 {[%clk
00:03:31]} {[%emt 00:00:06]} Bb4 {[%clk 00:38:55]} {[%emt 00:00:19]} 28. Rc7
{[%clk 00:02:21]} {[%emt 00:01:40]} Bxe1 {[%clk 00:36:18]} {[%emt 00:03:06]} 29.
Rxf7 {[%clk 00:02:48]} {[%emt 00:00:03]} Rxf7 {[%clk 00:36:43]} {[%emt
00:00:06]} 30. Rxe1 {[%clk 00:03:15]} {[%emt 00:00:03]} Ra7 {[%clk 00:36:38]}
{[%emt 00:00:35]} 31. Nd2 {[%clk 00:03:30]} {[%emt 00:00:15]} Be6 {[%clk
00:35:27]} {[%emt 00:01:41]} 32. Nf3 {[%clk 00:03:21]} {[%emt 00:00:39]} Ra5
{[%clk 00:33:43]} {[%emt 00:02:13]} 33. Rb1 {[%clk 00:03:28]} {[%emt 00:00:23]}
Rb8 {[%clk 00:33:43]} {[%emt 00:00:30]} 34. a3 {[%clk 00:02:32]} {[%emt
00:01:27]} Bg4 {[%clk 00:32:12]} {[%emt 00:02:01]} 35. Nd2 {[%clk 00:02:23]}
{[%emt 00:00:39]} Bxe2 {[%clk 00:30:51]} {[%emt 00:01:51]} 36. Be4 {[%clk
00:02:49]} {[%emt 00:00:04]} Rxa3 {[%clk 00:28:33]} {[%emt 00:02:48]} 37. Nc4
{[%clk 00:03:16]} {[%emt 00:00:03]} Bxd3 {[%clk 00:26:52]} {[%emt 00:02:11]} 38.
Nxa3 {[%clk 00:03:14]} {[%emt 00:00:32]} Bxe4 {[%clk 00:27:16]} {[%emt
00:00:05]} 39. Re1 {[%clk 00:03:21]} {[%emt 00:00:24]} Bf3 {[%clk 00:26:22]}
{[%emt 00:01:23]} 40. Nc4 {[%clk 00:03:14]} {[%emt 00:00:37]} d3 {[%clk
00:21:28]} {[%emt 00:05:24]} 41. Nd2 {[%clk 00:03:29]} {[%emt 00:00:16]} Be2
{[%clk 00:21:35]} {[%emt 00:00:23]} 0-1